Problems in analysis: a symposium in honor of Salomon Bochner
Saved in:
| Hovedforfatter: | |
|---|---|
| Format: | Bog |
| Sprog: | engelsk |
| Udgivet: |
Princeton
Princeton University
1970
|
| Serier: | Princeton Mathematical Series, 31
|
| Fag: | |
| Tags: |
Tilføj Tag
Ingen Tags, Vær først til at tagge denne postø!
|
MARC
| LEADER | 00000nam a2200000 a 4500 | ||
|---|---|---|---|
| 001 | UCP3063 | ||
| 003 | CL-VaPUC | ||
| 008 | 990604e19700000us |||||||||||||||||eng|d | ||
| 082 | 0 | 4 | |a 515 |b GUN |2 21 |
| 100 | |a Gunning, Robert C |e author |9 430163 | ||
| 245 | 1 | 0 | |a Problems in analysis: a symposium in honor of Salomon Bochner |
| 300 | |a 351 p | ||
| 942 | |c BK | ||
| 945 | |d 19990604 00:00:00 |a crobeson | ||
| 260 | |a Princeton |b Princeton University |c 1970 | ||
| 600 | 0 | 7 | |a BOCHNER, SALOMON |2 CL-VaPUC |9 430164 |
| 650 | 0 | |a Análisis matemático |9 260146 | |
| 650 | 0 | |a Análisis funcional |9 269993 | |
| 650 | 0 | |a Transformada de Laplace |9 422308 | |
| 650 | 0 | |a Análisis de Fourier |9 260464 | |
| 650 | 0 | |a Álgebras de Banach |9 271249 | |
| 650 | 7 | |a MATEMATICOS |2 CL-VaPUC |9 266065 | |
| 650 | 0 | |a Congresos |9 257560 | |
| 583 | |a last modification |c 20171205 04:42:12 |k Rodrigo Vera | ||
| 490 | 0 | |a Princeton Mathematical Series, 31 | |
| 999 | |c 281502 |d 281500 | ||
| 952 | |0 0 |1 0 |4 0 |6 515_000000000000000_GUN_1970 |7 0 |8 A |9 322258 |a BIBMAT |b BIBMAT |d 2019-11-20 |i 1347861 |o 515 GUN 1970 |p 1347861 |r 2025-01-07 |w 2019-11-20 |y BK |k MAT | ||